000 02044cam a2200469 a 4500
001 55304
005 20230410105211.0
008 040416s2004 nyuab b 001 0deng
010 _a 2004040145
035 _a(OCoLC)ocm55016737
040 _aDLC
_cDLC
_dUKM
_dGZM
_dYBM
_dBAKER
_dBTCTA
_dYDXCP
015 _aGBA506062
_2bnb
016 7 _a013091877
_2Uk
020 _a1594200300 (alk. paper)
020 _a9781594200304 (alk. paper)
029 1 _aNLGGC
_b263732207
029 1 _aNZ1
_b8425088
035 _a(OCoLC)55016737
042 _apcc
043 _ae-gx---
_ae-uk---
050 1 4 _aD750
_bK49 2004
082 0 0 _a941.084/092
_aB
_222
100 1 _aKershaw, Ian.
245 1 0 _aMaking friends with Hitler :
_bLord Londonderry, the Nazis, and the road to war II /
_cIan Kershaw.
260 _aNew York :
_bPenguin Press,
_c2004.
300 _axix, 488 p. :
_bill., 1 map ;
_c25 cm.
504 _aIncludes bibliographical references (p. 452-464) and index.
505 0 _aA Patrician's progress -- Illusions and delusions about Hitler -- Downfall of the Air Minister -- Nazi friends -- Lengthening shadows -- Hope at last -- End of the dream -- Out in the cold -- Mount Stewart, September 1947.
650 0 _aWorld War, 1939-1945
_xDiplomatic history.
600 1 0 _aLondonderry, Charles Stewart Henry Vane-Tempest-Stewart,
_cMarquess,
_d1878-1949.
651 0 _aGreat Britain
_xForeign relations
_zGermany.
651 0 _aGermany
_xForeign relations
_zGreat Britain.
651 0 _aGreat Britain
_xForeign relations
_y1936-1945.
651 0 _aGermany
_xForeign relations
_y1933-1945.
856 4 2 _3Contributor biographical information
_uhttp://www.loc.gov/catdir/enhancements/fy0721/2004040145-b.html
856 4 2 _3Publisher description
_uhttp://www.loc.gov/catdir/enhancements/fy0721/2004040145-d.html
938 _aBaker & Taylor
_bBKTY
_c29.95
_d22.46
_i1594200300
_n0006010736
_sactive
938 _aBaker and Taylor
_bBTCP
_n2004040145
938 _aYBP Library Services
_bYANK
_n2091910
942 _2lcc
_cbk
994 _aC0
_bDRFGD
999 _c32045
_d32045